TB. OF THERAPEUTICS EXERCISES (Record no. 20983)

MARC details
000 -LEADER
fixed length control field 00353nam a22001577a 4500
003 - CONTROL NUMBER IDENTIFIER
control field SGT
020 ## - INTERNATIONAL STANDARD BOOK NUMBER
International Standard Book Number 9788180614697
082 ## - DEWEY DECIMAL CLASSIFICATION NUMBER
Classification number 615.8
Item number T16N
100 ## - MAIN ENTRY--PERSONAL NAME
Personal name NARAYANAN, S. LAKSHMI
245 ## - TITLE STATEMENT
Title TB. OF THERAPEUTICS EXERCISES
250 ## - EDITION STATEMENT
Edition statement 1ST
260 ## - PUBLICATION, DISTRIBUTION, ETC. (IMPRINT)
Place of publication, distribution, etc INDIA
Name of publisher, distributor, etc JAYPEE PUB
Year of Publication 2016
300 ## - PAGE DESCRIPTION
No. of Pages 243
650 ## - SUBJECT ADDED ENTRY--TOPICAL TERM
Topical term or geographic name as entry element PHYSIOTHERAPY
942 ## - ADDED ENTRY ELEMENTS (KOHA)
Source of classification or shelving scheme Dewey Decimal Classification
Koha item type Books
942 ## - ADDED ENTRY ELEMENTS (KOHA)
-- 129
Holdings
Withdrawn status Lost status Source of classification or shelving scheme Damaged status Not for loan Collection code Home library Current library Shelving location Date acquired Vendor Name Cost, normal purchase price SGTU Bill Number Total Checkouts Full call number Accession No. (Barcode) Checked out Date last seen Date last borrowed Bill Date Koha item type
    Dewey Decimal Classification     MEDICAL SGT Medical Library SGT Medical Library Text Book 30/03/2021 ABC DELHI 650.00 SGTU 12725 12 615.8 T16N FM12328 19/06/2026 05/06/2026 05/06/2026 19/02/2021 Books
    Dewey Decimal Classification     MEDICAL SGT Medical Library SGT Medical Library Text Book 30/03/2021 ABC DELHI 650.00 SGTU 12725 20 615.8 T16N FM12329 19/06/2026 05/06/2026 05/06/2026 19/02/2021 Books
    Dewey Decimal Classification     MEDICAL SGT Medical Library SGT Medical Library Text Book 30/03/2021 ABC DELHI 650.00 SGTU 12725 15 615.8 T16N FM12330 22/05/2026 08/05/2026 08/05/2026 19/02/2021 Books
    Dewey Decimal Classification     MEDICAL SGT Medical Library SGT Medical Library Text Book 30/03/2021 ABC DELHI 650.00 SGTU 12725 18 615.8 T16N FM12331 19/06/2026 05/06/2026 05/06/2026 19/02/2021 Books
    Dewey Decimal Classification     MEDICAL SGT Medical Library SGT Medical Library Text Book 30/03/2021 ABC DELHI 650.00 SGTU 12725 17 615.8 T16N FM12332 19/06/2026 05/06/2026 05/06/2026 19/02/2021 Books
    Dewey Decimal Classification     MEDICAL SGT Medical Library SGT Medical Library Text Book 30/03/2021 ABC DELHI 650.00 SGTU 12725 21 615.8 T16N FM12333 26/12/2025 12/12/2025 12/12/2025 19/02/2021 Books
    Dewey Decimal Classification     MEDICAL SGT Medical Library SGT Medical Library Text Book 30/03/2021 ABC DELHI 650.00 SGTU 12725 19 615.8 T16N FM12334   20/06/2024 18/06/2024 19/02/2021 Books
    Dewey Decimal Classification     MEDICAL SGT Medical Library SGT Medical Library Text Book 30/03/2021 ABC DELHI 650.00 SGTU 12725 18 615.8 T16N FM12335   24/04/2024 17/04/2024 19/02/2021 Books